000
00301nam a2200121 a 4500
008
101213s1962|||| d
245
1
0
_a
Hovoríme o tanečnej hudbe
100
1
_a
Doružka, Lubomír
260
_b
Osvetový ústav
_a
Bratislava
_c
1962
020
_c
10
044
_a
xo
_c
SK
041
_a
slo
999
_c
15182
_d
15182